| 000 | 00493cam a2200157 i 4500 | ||
|---|---|---|---|
| 999 |
_c5000 _d5000 |
||
| 008 | 141210s2015 nyua b 000 1 eng c | ||
| 010 | _a 2014043593 | ||
| 020 | _a9780545788311 (hardcover : alk. paper) | ||
| 050 | 0 | 0 |
_aPZ7.B2217 _bWk 2015 |
| 082 | 0 | 4 |
_a813.69 BAN _223 |
| 100 | 1 |
_aBang, Molly, _eauthor. |
|
| 245 | 1 | 0 |
_aWhen Sophie's feelings are really, really hurt / _cby Molly Bang. |
| 250 | _aFirst edition. | ||
| 300 |
_a1 volume (unpaged) : _bcolor illustrations ; _c26 cm |
||
| 942 | _2ddc | ||